Η μεθοδολογία της επιστημονικής έρευνας στις ανθρωπιστικές επιστήμες

Αποθηκεύτηκε σε:
Λεπτομέρειες βιβλιογραφικής εγγραφής
Κύριος συγγραφέας: Παππάς, Θεόδωρος Γ. 1956-
Μορφή: Βιβλίο
Γλώσσα:Greek
Δημοσίευση: Αθήνα : Καρδαμίτσας, 2002
Θέματα:
Ετικέτες: Προσθήκη ετικέτας
Δεν υπάρχουν, Καταχωρήστε ετικέτα πρώτοι!

MARC

LEADER 00000nam a2200000 i 4500
001 1/72832
008 080129s2002 gre d
020 |a 960-354-117-6 
035 |l 10094222 
040 |a GR-MY-UA  |b gre  |e aacr 
041 0 |a gre 
082 0 |a 001.42  |2 (22) 
100 1 |a Παππάς, Θεόδωρος Γ.  |d 1956- 
245 1 2 |a Η μεθοδολογία της επιστημονικής έρευνας στις ανθρωπιστικές επιστήμες /  |c Θεόδωρος Γ. Πάππας 
260 |a Αθήνα :   |b Καρδαμίτσας,   |c 2002 
300 |a 190 σ.;  |b εικ., πίν.;  |c 21 εκ. 
504 |a Βιβλιογραφία: σ. 183-188 
650 0 0 |a Dissertations, Academic. 
650 0 0 |a Report writing. 
650 0 0 |a Research  |x Methodology. 
650 0 0 |a Academic writing. 
852 |a INST  |b LESVOS  |e 20080129  |h 001.42 ΠΑΠ  |p 005100040461  |q 005100040461  |t BK  |y 620 
901 |a BIBL1-2008-1 
909 |a Λ  |b 142099 
922 |a 1ΕΛΗ  |b 200711  |c ΕΠΕΑΕΚ2/ΤΠ 
970 |a ΓΙΑΛΑΜΑ  |b ΜΑΡΙΑ  |z 2008/01/29